000 00411nam a2200181Ia 4500
005 20250603145530.0
008 250603s9999 xx 000 0 und d
020 _a0393953122
050 _aHB 171.5 .P488
100 _aEdmund S. Phelps
245 0 _aPolitical Economy
260 _aNew York
260 _bPengium Books Canada
260 _c1985
300 _a618 p
650 _aNew York
942 _cBK
999 _c42133
_d42133